000 00554nam a2200133Ia 4500
008 160809s9999 xx 000 0 und d
100 _aKatja.
245 _aCONTEXT-SITUATED COMMUNICATIVE COMPETENCE IN A CHILD WITH AUTISM SPECTRUM DISORDER
245 _cKatja J. S. Tuononen Aarno Laitila Eija Kärnä University of Eastern Finland.
260 _bInternational Journal of Special Education
260 _c2014
650 _xSPECIAL EDUCATION
856 _uhttp://www.internationaljournalofspecialed.com/issues/IJSE%20ENTIRE%20ISSUE%202014%2029%2021.pdf
999 _c300299
_d300299